000 00219nam a2200097Ia 4500
005 20251222114339.0
008 251222s1900||||xx |||||||||||||| ||spa||
082 _aDVD0140/D98/1991
245 0 _aAlias La Gringa:
942 _cDVD
999 _c769
_d769